[Event "UZB-ch Men 2018"]
[Site "Tashkent"]
[Date "2018.05.04"]
[Round "2.6"]
[White "Dzhumaev, Marat"]
[Black "Jumanov, Elbek"]
[Result "1/2-1/2"]
[WhiteElo "2451"]
[BlackElo "2283"]
[Annotator "TA"]
[PlyCount "100"]
[EventDate "2018.05.13"]
[EventType "tourn"]
[EventCountry "UZB"]

{[%evp 10,100,13,17,51,22,74,79,69,71,72,51,114,92,107,32,45,12,22,16,26,0,0,0,0,0,0,0,0,0,0,0,0,0,37,30,62,61,62,37,64,68,66,35,78,31,42,9,9,0,17,12,8,0,19,9,10,6,28,22,75,0,168,8,9,14,57,0,0,0,0,-135,-10,-87,0,0,0,-35,-33,-31,0,0,0,-30,0,-18,-12,-20,0,-31,0,-23,0]} 1. e4 c5 2. Nf3 e6 3. Qe2 a6 (3... Nc6 4. g3 g6 5. h4 h6 6. Bg2 Bg7 7. O-O Nge7 8. d3 e5 9. c3 d6 10. Nh2 Be6 11. Na3 Qd7 12. Nc2 Bh3 13. Bxh3 Qxh3 {½-½ (46) Naiditsch,A (2701)-Rublevsky,S (2663) Germany 2018}) 4. g3 b5 5. Bg2 Bb7 6. O-O {LiveBook: 11 Games. B40: Sicilian: 2...e6, Unusual lines} Be7 7. a4 $146 ({Predecessor:} 7. d3 d5 8. exd5 Bxd5 9. a4 b4 10. Nbd2 Nf6 11. b3 {½-½ (68) Kahrovic,M (2271)-Meijers,V (2477) Schwaebisch Gmuend 2012}) 7... Qb6 (7... Nc6 $11) 8. axb5 $16 {White is better.} axb5 9. Rxa8 Bxa8 10. Na3 b4 (10... Na6 $14) 11. Nc4 Qa6 12. e5 (12. b3 $16) 12... Nh6 $14 13. b3 O-O 14. Bb2 Bd5 {White should prevent ...Qa2.} 15. d3 Qb7 16. Ne3 Bc6 17. Nd2 Bxg2 18. Nxg2 Nc6 19. g4 Ra8 20. Nc4 Ra2 21. f4 Bf8 22. h3 Na5 23. Nxa5 Rxa5 24. Ne3 Ra2 25. Nc4 Qd5 26. Kh2 d6 27. exd6 Bxd6 28. Nxd6 (28. Kg3 {with more complications.} Bf8 29. Re1 Ra6 30. d4 cxd4 31. Qd3) 28... Qxd6 29. Bc1 f6 30. Be3 Nf7 31. Qg2 e5 32. Rf2 exf4 33. Bxf4 Qd4 34. Bg3 g6 (34... h6 $11) 35. Qb7 ({White should try} 35. Rf4 $16 Qd8 36. Rc4) 35... Kg7 $2 {[#]} (35... Qc3 $11) 36. Qe7 $2 (36. g5 $1 $18 {[%cal Rg5f6][%mdl 512]} f5 (36... fxg5 37. Rxf7+) 37. Re2) 36... Ra1 $11 37. h4 {[%cal Bh3h4,Bh4g5][%mdl 32]} h6 38. g5 (38. h5 $14 g5 39. Qe6) 38... hxg5 39. hxg5 f5 40. Qb7 (40. Qe6 $11 {keeps the balance.}) 40... Rc1 (40... Qe3 $17 41. Qg2 Qe8) 41. Kg2 {[#]} (41. Qe7 $11) 41... Qc3 ({Black should play} 41... Re1 $1 $17 {...Qg4 is the strong threat.} 42. Bf4 Qa1) 42. Qe7 Qa1 {Threatens to win with ...Qa8+.} 43. Bh2 (43. Bd6 $5 Qa8+ 44. Kg3 Rg1+ 45. Kf4 Rxg5 46. Re2 $11) 43... Qa8+ 44. Kg3 {Strongly threatening Qf6+.} Qb8+ 45. Kf3 Qa8+ 46. Kg3 {Hoping for Qf6+.} Qb8+ 47. Kh3 Qh8+ 48. Kg2 Qa8+ 49. Kh3 {Intending Qf6+ and mate.} (49. Kg3 $5 {[%cal Re7f6]} Qc6 50. Re2 $15) 49... Qh8+ 50. Kg2 {White threatens Be5+ and mate.} Qa8+ {Precision: White = 39%, Black = 33%.} 1/2-1/2

[Event "UZB-ch Men 2018"]
[Site "Tashkent"]
[Date "2018.05.04"]
[Round "2.7"]
[White "Vokhidov, Shamsiddin"]
[Black "Yakubboev, Nodirbek"]
[Result "1-0"]
[WhiteElo "2414"]
[BlackElo "2493"]
[Annotator "TA"]
[PlyCount "99"]
[EventDate "2018.05.13"]
[EventType "tourn"]
[EventCountry "UZB"]

{[%evp 19,99,16,22,14,31,29,43,40,42,56,49,20,27,15,45,25,27,16,11,7,10,19,22,-34,12,34,75,66,74,50,50,36,33,33,31,39,30,25,44,44,44,23,44,44,85,86,93,93,95,93,114,114,114,114,114,114,114,114,114,114,114,114,131,131,131,120,219,214,226,235,235,226,226,226,11271,9806,6463,6400,6400,6346,8531,8121]} 1. e4 e5 2. Nf3 Nc6 3. Bb5 a6 4. Ba4 d6 5. O-O Bd7 6. d4 exd4 7. Nxd4 b5 8. Nxc6 Bxc6 9. Bb3 Nf6 10. Nc3 Be7 {LiveBook: 7 Games. C72: Ruy Lopez: Deferred Steinitz: 5 0-0} 11. f3 O-O 12. Be3 Nd7 $146 {White has an edge.} ({Predecessor:} 12... Re8 13. Qd2 Nd7 14. Nd5 Bf8 15. Rad1 Nc5 16. Qc3 Qc8 17. a3 Bd7 18. Qa5 {1-0 (27) Adhiban,B (2661)-Sindarov,J (2431) Sharjah 2018}) 13. Nd5 Bf6 14. Nxf6+ Qxf6 15. c3 Ne5 16. Qd4 Bd7 17. Bd5 Rad8 18. Qa7 c6 19. Bb3 c5 20. Rad1 (20. Qxa6 $2 Ra8 $17) 20... Bc6 21. Rd2 (21. Qxa6 Ra8 $17) ({White should try} 21. Bc1 $11) 21... Rd7 (21... a5 {is more complex.} 22. a3 a4 23. Ba2 Rd7 24. Qb6 Rb7) 22. Qb6 $1 {aiming for f4.} (22. Qxa6 $2 Ra8 $19) 22... Qd8 {[#]} 23. Qxd8 $1 (23. Qxa6 Qc7 $17) 23... Rfxd8 24. Rfd1 h6 25. Bf4 Kf8 26. h4 Ke7 27. h5 a5 28. a3 a4 29. Ba2 f6 30. Kf2 Rb7 31. Be3 {And now Bxc5! would win.} Rbb8 32. Rxd6 Rxd6 33. Bxc5 Rbd8 {[#]} 34. f4 $1 Nc4 35. Bxc4 bxc4 36. e5 {[#]} fxe5 $1 37. fxe5 Ke6 ({Avoid the trap} 37... Rf8+ $2 38. Kg3 $18) 38. exd6 $16 {[%mdl 4096] Endgame KRB-KRB} Rf8+ 39. Kg1 Rf5 40. Re1+ Re5 41. Rxe5+ Kxe5 {KB-KB} 42. Kf2 Ke6 (42... Be8 $16 {might work better.} 43. Ke3 Ke6) 43. Bd4 $18 Be8 44. g4 ({Much less strong is} 44. Bxg7 Bxh5 45. Ke3 (45. Bxh6 Kxd6 46. Bf8+ Ke5 $16) 45... Kxd6) 44... Kf7 45. Kf3 Bd7 46. Kf4 Bc8 $2 (46... g6 47. hxg6+ Kxg6) 47. g5 {White is clearly winning.} hxg5+ 48. Kxg5 Bh3 {[#]} 49. Bxg7 $1 {[%mdl 512]} Kxg7 50. h6+ {Precision: White = 66%, Black = 48%.} 1-0

[Event "UZB-ch Men 2018"]
[Site "Tashkent"]
[Date "2018.05.05"]
[Round "3.1"]
[White "Yakubboev, Nodirbek"]
[Black "Abdisalimov, Abdimalik"]
[Result "1-0"]
[WhiteElo "2493"]
[BlackElo "2317"]
[Annotator "TA"]
[PlyCount "87"]
[EventDate "2018.05.13"]
[EventType "tourn"]
[EventCountry "UZB"]

{[%evp 14,87,25,22,33,10,27,10,0,0,35,3,10,-5,-12,-6,0,0,0,0,0,-60,15,0,7,8,177,177,187,186,183,177,179,182,182,181,180,150,150,150,150,150,150,112,112,113,112,119,112,116,231,209,333,328,315,312,332,334,327,306,304,304,719,719,556,572,564,709,718,710,658,580,4134,4134,29987,29988]} 1. d4 Nf6 2. c4 e6 3. Nf3 c5 4. Nc3 cxd4 5. Nxd4 a6 6. e4 Qc7 7. Bd3 Nc6 8. Nf3 {LiveBook: 7 Games} Bc5 {B41: Sicilian: Kan Variation: 5 c4} (8... Be7 9. h3 O-O 10. O-O d6 11. a3 b6 12. Be3 Bb7 13. Rc1 Nb8 14. b4 Nbd7 15. Qe2 Rac8 16. Rfd1 {0-1 (65) Ma,Q (2609)-Li,S (2508) China 2015}) 9. h3 O-O $146 ({Predecessor:} 9... b6 10. a3 Ne5 11. Nxe5 Qxe5 12. Qf3 g5 13. Bd2 Bb7 14. O-O-O Bd4 15. Rhe1 b5 16. cxb5 axb5 17. Bxb5 {½-½ (35) Muheim,L (2297)-Zeller,F (2395) Switzerland 2016}) 10. O-O d6 {The position is equal.} 11. Bf4 h6 12. Qd2 Ne5 13. Nxe5 dxe5 14. Be3 Rd8 15. Rfd1 {[%cal Bf1d1,Bd1d2,Bd2d8][%mdl 32]} Bd7 16. Bxc5 Qxc5 17. Qe3 (17. a3 $11) 17... Qb4 (17... Qxe3 $15 18. fxe3 Bc6) 18. Rd2 Bc6 19. a3 $36 {[%mdl 2048] White is more active.} Qb3 $2 (19... Qe7 $11 {and Black stays safe.}) 20. Bc2 $1 $18 Qxc4 21. Rxd8+ $1 Rxd8 22. b3 $1 {[%cal Rb3c4]} Qd4 {aiming for ...Qxe3.} 23. Rd1 Rd7 24. Rxd4 exd4 25. Qd2 {Na4 is the strong threat.} dxc3 26. Qxc3 Nxe4 27. Bxe4 Rd1+ 28. Kh2 Bxe4 $16 {[%mdl 4096] Endgame KQ-KRB} 29. Qc8+ $1 Kh7 {[#]} 30. Qc4 $1 {[%cal Rc4e4]} Bg6 {[#]} 31. a4 $1 {[%cal Ba3a4,Ba4a5][%mdl 32]} Rb1 (31... Rd3 $16) 32. Qb4 $18 Bc2 (32... Rb2 $142 33. f3 (33. Qxb7 Rxf2 34. Kg1 Ra2 $16) 33... b6) 33. Qxb7 Rxb3 34. Qxa6 Ra3 35. a5 Be4 36. Qa7 Bd5 37. h4 {[%cal Bh3h4,Bh4h5,Bh5h6][%mdl 32]} ({But not} 37. Qxf7 $6 Rxa5 38. h4 Rc5 $18) 37... h5 $2 (37... Ra4 38. h5 (38. Qxf7 Rxa5 39. Kg3 Ra3+ 40. f3 Rb3 $18) 38... Rh4+ 39. Kg3 Rxh5) 38. Qxf7 Rxa5 39. Qxh5+ Kg8 40. Qe8+ Kh7 41. h5 Ra8 42. Qf7 Ra2 43. g4 Ra3 44. h6 {Precision: White = 66%, Black = 39%.} 1-0

[Event "UZB-ch Men 2018"]
[Site "Tashkent"]
[Date "2018.05.05"]
[Round "3.2"]
[White "Jumanov, Elbek"]
[Black "Vokhidov, Shamsiddin"]
[Result "0-1"]
[WhiteElo "2283"]
[BlackElo "2414"]
[Annotator "TA"]
[PlyCount "62"]
[EventDate "2018.05.13"]
[EventType "tourn"]
[EventCountry "UZB"]

{[%evp 15,62,-17,-15,-54,-60,-62,-45,-56,-58,-66,-64,-54,-65,-62,-57,-58,-56,-51,-32,-43,-52,-65,-38,-49,-43,-54,-49,-53,-49,-43,-43,-63,-58,-75,-72,-78,-48,-84,-75,-68,-72,-51,-34,-29,-29,-109,-109,-607,-606]} 1. Nf3 c5 2. c4 Nc6 3. Nc3 g6 4. g3 Bg7 5. Bg2 Nf6 6. O-O O-O 7. a3 d5 8. cxd5 Nxd5 {LiveBook: 47 Games} 9. d3 {A34: Symmetrical English: 2 Nc3, lines with ...d5} (9. Nxd5 Qxd5 10. d3 Qd7 11. Re1 b6 12. Qa4 Bb7 13. Rb1 Rfd8 14. Qh4 Nd4 15. Nxd4 Bxg2 16. Kxg2 Bf6 17. Bg5 Bxg5 18. Qxg5 cxd4 19. Rec1 Rac8 20. h4 f6 21. Qf4 {½-½ (21) Cordova,E (2566)-Gonzalez Vidal,Y (2545) Havana 2012}) 9... Nxc3 10. bxc3 Bxc3 11. Rb1 {Black is slightly better.} Bg7 12. Qa4 Qc7 $146 ({Predecessor:} 12... Rb8 13. Qh4 Nd4 14. Nxd4 cxd4 15. Bg5 f6 16. Bd2 b6 {½-½ (84) Harich,R (2168)-Hewig,D Germany 2001}) 13. Bf4 e5 14. Be3 Bd7 15. Bxc5 Nd4 $1 {[%cal Rd4e2]} 16. Qb4 $1 {[%cal Rf3d4]} Nxe2+ 17. Kh1 Rfd8 18. Be7 Rdc8 19. Bd6 a5 20. Qb6 Qxb6 21. Rxb6 Rc6 22. Rxc6 Bxc6 23. Bxe5 Rd8 24. Bxg7 Kxg7 25. Ne5 Bxg2+ 26. Kxg2 $17 {[%mdl 4096] Endgame KRN-KRN} b5 27. Rb1 Nd4 28. Rc1 Rd5 29. f4 Ne6 30. Rc6 {[#]} (30. Rc3 $11) 30... g5 $1 31. Kf3 $2 {[%mdl 8192] [#]} (31. Kf2 $17) 31... Rxe5 $1 {[%mdl 512] Precision: White = 58%, Black = 96%.} 0-1

[Event "UZB-ch Men 2018"]
[Site "Tashkent"]
[Date "2018.05.05"]
[Round "3.4"]
[White "Barsov, Alexei"]
[Black "Abdusattorov, Nodirbek"]
[Result "0-1"]
[WhiteElo "2411"]
[BlackElo "2550"]
[Annotator "TA"]
[PlyCount "65"]
[EventDate "2018.05.13"]
[EventType "tourn"]
[EventCountry "UZB"]

{[%evp 19,65,0,0,-33,29,15,18,0,51,14,29,27,22,24,37,15,18,16,15,12,16,0,0,0,20,-49,-42,-41,-41,-50,-16,-22,-25,-16,-45,-31,-27,-25,-7,-14,0,-6,0,0,0,-31,-24,-29988]} 1. d4 Nf6 2. c4 e6 3. Nf3 Bb4+ 4. Bd2 a5 5. Nc3 b6 6. g3 Ba6 {E11: Bogo-Indian} (6... Bb7 7. Bg2 O-O 8. O-O d6 9. d5 exd5 10. Nxd5 Bxd2 11. Qxd2 Nbd7 12. Nd4 Nc5 13. b3 Re8 14. Nc6 Qd7 15. Nxf6+ gxf6 16. Nd4 Bxg2 17. Kxg2 {1-0 (42) Romanov,E (2635)-Iordachescu,V (2581) Kishinev 2016}) 7. b3 d5 8. cxd5 exd5 9. Bg2 O-O 10. O-O Re8 {LiveBook: 5 Games. ...Bxc3 is the strong threat.} 11. Ne5 Ra7 $146 ({Black should try} 11... c5 $15 12. a3 Bxa3 13. Rxa3 cxd4) ({Predecessor:} 11... c5 12. a3 Bxa3 13. Bg5 cxd4 14. Nxf7 Kxf7 15. Bxf6 Qxf6 16. Rxa3 Bb7 17. Nb5 Na6 18. Nxd4 Nc5 19. b4 {1-0 (19) Burnett,J (2091)-Beckett,C (2160) Coventry 2015}) 12. a3 $11 Bxc3 13. Bxc3 c5 (13... Ne4 $11 14. Bb2 f6) 14. Re1 Rae7 {next ...cxd4 is good for Black.} 15. e3 cxd4 16. exd4 Ne4 17. Bd2 f6 18. Nf3 Nc6 {[%cal Bb8c6,Bc6a7,Ba7b5,Bb5d6][%mdl 32]} 19. Be3 Na7 20. Qc2 Nb5 21. Nd2 Nbd6 22. g4 (22. Nxe4 $11 dxe4 23. Bh3) 22... Rc7 23. Qb2 f5 24. Bf4 fxg4 (24... Bd3 {is more complex.} 25. b4 a4 26. Rac1 Rxc1 27. Qxc1 Nb5) 25. Nxe4 dxe4 26. Bxd6 Qxd6 27. Rxe4 Rxe4 28. Bxe4 h5 29. Re1 h4 30. Qd2 $132 {[%mdl 2048] White is not keeping still} g3 31. fxg3 hxg3 32. Re3 gxh2+ 33. Qxh2 $2 {[%mdl 8192] Precision: White = 41%, Black = 56%.} (33. Kh1 $11) 0-1

[Event "UZB-ch Men 2018"]
[Site "Tashkent"]
[Date "2018.05.05"]
[Round "3.5"]
[White "Khoroshev, Nikita"]
[Black "Iuldachev, Saidali"]
[Result "1/2-1/2"]
[WhiteElo "2340"]
[BlackElo "2469"]
[Annotator "TA"]
[PlyCount "62"]
[EventDate "2018.05.13"]
[EventType "tourn"]
[EventCountry "UZB"]

{[%evp 18,62,15,13,14,14,9,19,13,20,33,4,21,21,28,21,52,52,43,43,70,50,59,62,64,58,47,12,47,40,45,44,45,0,0,0,0,0,0,0,0,0,0,0,0,0,0]} 1. d4 d6 2. Nf3 Nf6 3. c4 Nbd7 4. Nc3 c6 5. Bg5 {[%cal Bc1g5,Bg5h4,Bh4g3][%mdl 32]} h6 6. Bh4 g5 7. Bg3 Nh5 8. e3 Bg7 9. Bd3 Ndf6 {A53: Old Indian Defence without Nf3} 10. Qc2 {LiveBook: 6 Games} Bd7 11. a3 $146 ({Predecessor:} 11. O-O O-O 12. Rfe1 Nxg3 13. hxg3 c5 14. dxc5 dxc5 15. e4 Be6 16. e5 Nd7 17. Rad1 Qc7 18. Qe2 g4 19. Qe4 Rfd8 20. Qh7+ Kf8 21. Nh4 Nxe5 22. Nd5 Qa5 23. Rxe5 Bxe5 24. Ng6+ {1-0 (24) Sergienko,S (2435)-Malaniuk,V (2525) St Petersburg 2003}) 11... Nxg3 12. hxg3 e6 13. b4 a5 14. Rb1 axb4 15. axb4 g4 16. Nd2 {[%cal Bf3d2,Bd2b3,Bb3c5][%mdl 32]} d5 17. b5 O-O 18. O-O Qe7 19. Nb3 Rfc8 {[#] White must now prevent ...dxc4.} 20. Nc5 b6 21. Nxd7 Qxd7 22. bxc6 Qxc6 23. Rfc1 dxc4 24. Nb5 {[%cal Rd3c4]} h5 25. Qxc4 (25. Bxc4 {keeps more tension.} Bh6 26. Qd2 Qd7 27. Qd3 Ra4 28. Qb3) 25... Qxc4 {The position is equal.} 26. Rxc4 Rxc4 27. Bxc4 Bf8 28. f3 Ra4 29. Bb3 Ra5 30. Bc4 Ra4 31. Bb3 Ra5 {Precision: White = 65%, Black = 74%.} 1/2-1/2

[Event "UZB-ch Men 2018"]
[Site "Tashkent"]
[Date "2018.05.05"]
[Round "3.6"]
[White "Fayzullaev, Akmal"]
[Black "Saydaliev, Saidakbar"]
[Result "1/2-1/2"]
[WhiteElo "2382"]
[BlackElo "2361"]
[PlyCount "43"]
[EventDate "2018.05.13"]
[EventType "tourn"]
[EventCountry "UZB"]
[TimeControl "5400+30"]
[WhiteClock "0:13:20"]
[BlackClock "0:22:51"]

1. c4 {[%emt 0:00:00]} Nf6 {[%emt 0:00:00]} 2. Nc3 {[%emt 0:00:29]} c5 {[%emt 0:00:56]} 3. g3 {[%emt 0:02:10]} Nc6 {[%emt 0:01:35]} 4. Bg2 {[%emt 0:00:07]} g6 {[%emt 0:00:20]} 5. a3 {[%emt 0:14:36]} Bg7 {[%emt 0:08:17]} 6. Rb1 {[%emt 0:00:18]} a5 {[%emt 0:11:18]} 7. Nf3 {[%emt 0:00:57]} O-O {[%emt 0:05:57]} 8. O-O {[%emt 0:07:52]} d5 {[%emt 0:07:48]} 9. cxd5 {[%emt 0:01:10]} Nxd5 {[%emt 0:00:01]} 10. Qa4 {[%emt 0:00:19]} Nb6 {[%emt 0:22:00]} 11. Qb5 {[%emt 0:15:03]} c4 {[%emt 0:12:27]} 12. b3 {[%emt 0:00:10]} Bf5 {[%emt 0:00:30]} 13. e4 {[%emt 0:11:13]} Be6 {[%emt 0:02:51]} 14. bxc4 {[%emt 0:04:23]} Nxc4 {[%emt 0:00:04]} 15. Qxb7 {[%emt 0:05:11]} Qd6 {[%emt 0:00:14]} 16. Nd5 {[%emt 0:09:16]} Bxd5 {[%emt 0:02:08]} 17. exd5 {[%emt 0:00:11]} Rab8 {[%emt 0:00:06]} 18. Qxc6 {[%emt 0:01:05]} Qxc6 {[%emt 0:00:01]} 19. dxc6 {[%emt 0:00:08]} Rxb1 {[%emt 0:00:01]} 20. d3 {[%emt 0:01:38]} Nd6 {[%emt 0:07:28]} 21. Nd2 {[%emt 0:01:02]} Rb6 {[%emt 0:03:08]} 22. Nc4 {[%emt 0:00:51]} 1/2-1/2

[Event "UZB-ch Men 2018"]
[Site "Tashkent"]
[Date "2018.05.05"]
[Round "3.7"]
[White "Tillyaev, Ulugbek"]
[Black "Sindarov, Javokhir"]
[Result "0-1"]
[WhiteElo "2292"]
[BlackElo "2430"]
[Annotator "TA"]
[PlyCount "98"]
[EventDate "2018.05.13"]
[EventType "tourn"]
[EventCountry "UZB"]

{[%evp 21,98,55,58,30,52,17,24,8,18,4,28,-7,-7,0,0,-44,-44,-43,-43,-39,-13,-16,-15,-28,-35,-42,-25,-59,-50,-79,-73,-79,-79,-93,-98,-91,-69,-88,-83,-263,-237,-287,-302,-360,-307,-408,-394,-664,-664,-670,-664,-651,-665,-663,-670,-670,-670,-663,-655,-663,-662,-635,-634,-728,-657,-1354,-816,-29965,-29967,-29968,-29969,-29969,-29970,-29974,-29971,-29971,-29973,-29970,-29972]} 1. c4 Nf6 2. Nf3 g6 3. Nc3 Bg7 4. e4 d6 5. d4 O-O 6. Be2 Bg4 7. Be3 c5 {E91: King's Indian: Classical: 6 Be2, unusual replies including 6...c5 and 6...Bg4} (7... Nfd7 8. Rc1 c5 9. d5 Na6 10. O-O Nc7 11. h3 Bxf3 12. Bxf3 Re8 13. Be2 a6 14. Qd2 e6 15. Rfe1 exd5 16. exd5 Qh4 17. Bg4 Rxe3 18. Qxe3 {0-1 (35) Brown,M (2506)-Mamedyarov,S (2804) chess.com INT 2018}) 8. d5 Na6 9. O-O Nc7 10. Nd2 Bxe2 11. Qxe2 Nd7 {LiveBook: 3 Games} 12. Rab1 a6 13. Rfc1 e6 14. b4 $146 ({Predecessor:} 14. a3 exd5 15. exd5 f5 16. Nf3 {1-0 (32) Kambor,J (2098)-Stenner,P (2226) Hamburg 2013}) 14... exd5 15. Nxd5 Nxd5 16. cxd5 {[%cal Rb4c5]} cxb4 17. Rxb4 b5 $1 18. Nb3 Rc8 19. Rxc8 Qxc8 20. Bd4 Bxd4 21. Rxd4 Qc3 22. Qd2 Rc8 23. Kf1 Qc7 24. g3 Ne5 {[#] And now ...Nf3 would win.} 25. Kg2 Qc3 26. Qxc3 Rxc3 $17 {[%mdl 4096] Endgame KRN-KRN} 27. Rd2 Nc4 28. Re2 b4 29. Nd4 a5 {[%cal Ba6a5,Ba5a4][%mdl 32]} 30. Nb5 $2 (30. Nc6 $17) 30... Rc1 $19 31. f4 f6 32. Kf2 {[#]} a4 $1 33. Nd4 Rd1 34. Nc2 $2 (34. Nb5 b3 35. axb3 axb3 36. Nc3) 34... b3 35. axb3 axb3 36. Ne3 b2 37. Rxb2 Nxb2 38. Nxd1 Nxd1+ {KN-KP} 39. Ke2 Nc3+ 40. Kd3 Nb5 41. Kc4 Nc7 42. g4 Kf7 43. h4 h6 44. g5 hxg5 {Black mates.} 45. fxg5 fxg5 46. hxg5 Ke7 47. Kb4 Na6+ 48. Kc4 Nb8 49. Kd4 Nd7 {Precision: White = 23%, Black = 68%.} 0-1

[Event "UZB-ch Men 2018"]
[Site "Tashkent"]
[Date "2018.05.06"]
[Round "4.1"]
[White "Abdisalimov, Abdimalik"]
[Black "Sindarov, Javokhir"]
[Result "0-1"]
[WhiteElo "2317"]
[BlackElo "2430"]
[Annotator "TA"]
[PlyCount "64"]
[EventDate "2018.05.13"]
[EventType "tourn"]
[EventCountry "UZB"]

{[%evp 24,64,-18,-15,-14,-14,-8,-54,-58,-119,-126,-124,-129,-168,-152,-177,-166,-192,-191,-201,-163,-226,-128,-185,-188,-1016,-1059,-1051,-1027,-1547,-1530,-1876,-1815,-1848,-941,-931,-936,-870,-904,-1689,-1367,-29994,-29995]} 1. c4 g6 2. d4 Bg7 3. Nc3 d6 4. e4 Nf6 5. Nf3 O-O 6. Be2 Bg4 7. O-O Nfd7 8. Be3 Nc6 9. Rc1 e5 10. d5 Bxf3 11. Bxf3 Nd4 12. Bxd4 {E91: King's Indian: Classical: 6 Be2, unusual replies including 6...c5 and 6...Bg4} exd4 13. Nb5 {LiveBook: 3 Games} d3 14. Qxd3 $146 {The position is equal.} ({Predecessor:} 14. b3 Ne5 15. g3 c6 16. dxc6 bxc6 17. Nc3 f5 18. exf5 gxf5 19. Na4 f4 {0-1 (30) Mokin,N (2277)-Frolov,A (2403) Chelyabinsk 2017}) 14... Bxb2 15. Rce1 Qf6 16. Qe2 {[#]} ({Much worse is} 16. Nxc7 Rac8 $17) (16. Re3 $15) 16... a6 $1 $17 {[%cal Ba7a6,Ba6b5,Bb5c4][%mdl 32]} 17. Rb1 axb5 18. Rxb2 bxc4 19. Rxb7 {[#]} Ne5 $1 20. Rxc7 Ra3 21. Bg4 Rfa8 22. h3 (22. f4 $142 Nxg4 23. Qxg4 Qd4+ 24. Kh1 Rxa2 25. h3) 22... Rxa2 ({Better is} 22... h5 $19 23. Rc8+ Kg7 24. Rxa8 Rxa8) 23. Qe3 (23. Rc8+ $17 Kg7 24. Rxa8 Rxe2 25. Bxe2) 23... h5 $36 {[%mdl 2048] Black has strong initiative.} 24. f4 $2 (24. Bd1) 24... Nxg4 ({Weaker is} 24... hxg4 25. fxe5 Qxe5 26. Rcxf7 $11) 25. hxg4 R8a3 26. Qe1 Qb2 {[%csl Ga2][%cal Rb2g2]} 27. Rc8+ Kh7 {[%csl Ga2][%cal Rb2g2]} 28. Qf2 Qb7 29. Qh4 Qxc8 30. gxh5 Kg8 31. hxg6 fxg6 32. Qf6 {[#]} Rxg2+ $1 {[%mdl 512] Precision: White = 31%, Black = 83%.} 0-1

[Event "UZB-ch Men 2018"]
[Site "Tashkent"]
[Date "2018.05.06"]
[Round "4.2"]
[White "Saydaliev, Saidakbar"]
[Black "Tillyaev, Ulugbek"]
[Result "1-0"]
[WhiteElo "2361"]
[BlackElo "2292"]
[PlyCount "85"]
[EventDate "2018.05.13"]
[EventType "tourn"]
[EventCountry "UZB"]
[TimeControl "5400+30"]

1. e4 c5 2. Nf3 d6 3. d4 cxd4 4. Nxd4 Nf6 5. Nc3 a6 6. h3 g6 7. g4 Bg7 8. g5 Nh5 9. Be2 e5 10. Nb3 Nf4 11. Bxf4 exf4 12. h4 Nc6 13. Qd2 Be5 14. O-O-O Be6 15. Kb1 Qb6 16. Nd5 Bxd5 17. exd5 Ne7 18. Bg4 O-O 19. h5 a5 20. a4 Rfd8 21. f3 Kg7 22. Qh2 Rh8 23. h6+ Kf8 24. Rhe1 Rg8 25. Re4 Nf5 26. Qd2 Qd8 27. Rxe5 dxe5 28. d6 Qxg5 29. d7 Rd8 30. Bxf5 gxf5 31. Nxa5 Qxh6 32. Nxb7 Kg7 33. Rg1+ Kh8 34. Rxg8+ Rxg8 35. d8=Q Rxd8 36. Qxd8+ Kg7 37. Nd6 Qe6 38. Qg5+ Kf8 39. Nxf5 h5 40. Qxh5 Qf6 41. Qh6+ Qxh6 42. Nxh6 Kg7 43. Ng4 1-0

[Event "UZB-ch Men 2018"]
[Site "Tashkent"]
[Date "2018.05.06"]
[Round "4.3"]
[White "Iuldachev, Saidali"]
[Black "Fayzullaev, Akmal"]
[Result "1/2-1/2"]
[WhiteElo "2469"]
[BlackElo "2382"]
[Annotator "TA"]
[PlyCount "78"]
[EventDate "2018.05.13"]
[EventType "tourn"]
[EventCountry "UZB"]

{[%evp 20,78,2,0,50,-23,45,2,29,33,26,8,52,51,43,10,147,149,150,148,157,162,134,79,143,143,141,128,148,141,164,172,235,217,231,203,290,266,322,145,239,248,574,111,479,8,70,76,70,62,72,62,71,72,72,20,20,0,82,0,20]} 1. e4 c5 2. Nc3 d6 3. f4 Nc6 4. Bb5 Bd7 5. Nf3 g6 6. O-O Bg7 7. d3 a6 8. Bxc6 Bxc6 9. Qe1 Qd7 10. Rb1 {B23: Closed Sicilian: Lines without g3} (10. Bd2 e6 11. Rb1 Ne7 12. a3 b5 13. b4 Bb7 14. Ne2 Rc8 15. Bc3 f6 16. Kh1 O-O 17. Qd2 Qc7 {0-1 (47) Anton Guijarro,D (2634)-Korobov,A (2700) Berlin 2015}) 10... Nf6 11. h3 {LiveBook: 3 Games} e6 $146 ({Predecessor:} 11... Nh5 12. Qh4 f5 13. Bd2 O-O 14. g4 fxe4 15. Ng5 h6 16. Ngxe4 d5 17. Nxc5 Qd6 18. gxh5 Qxc5+ {0-1 (37) Bersamina,P (2266)-Li,S (2559) Ho Chi Minh City 2013}) 12. Bd2 (12. e5 $14 dxe5 13. fxe5) 12... Qe7 ({Black should try} 12... O-O $11) 13. Qf2 Nd7 14. Rbe1 O-O 15. f5 exf5 16. exf5 Qf6 17. Qg3 {Threatens to win with Bg5.} (17. fxg6 {is interesting.} fxg6 18. Bg5 Qf5 19. Qd2 Rae8 20. Be7) 17... Ne5 (17... Qxf5 $2 18. Ng5 $18) (17... Rae8 $11) 18. Nxe5 $16 dxe5 19. Bg5 $1 $36 {[%cal Rg5f6][%mdl 2048] Keeping Black busy.} Qd6 20. f6 Bh8 21. Qxe5 ({Better is} 21. Nd1 $1) 21... Rad8 (21... Qd4+ $142 22. Qxd4 cxd4) 22. Qxd6 Rxd6 23. Re7 Rfd8 24. Ne4 Rd5 25. b3 c4 (25... R5d7 $142 26. a3 (26. Nxc5 Rxe7 27. fxe7 Bd4+ 28. Kh2 Re8 $16) 26... h5) 26. dxc4 Ra5 27. c5 Rxa2 {[#]} (27... Bxe4 $142 28. b4 (28. Rxe4 Rxc5 29. Rfe1 h5 $16) 28... Bxg2) 28. Rf2 $1 $18 {Strongly threatening Nd6.} Rd5 29. h4 (29. Bh6 $18 {and White stays clearly on top. Hoping for Nd6.} Ra1+ 30. Kh2) 29... h6 (29... Ra1+ $16 30. Kh2 Re1) 30. Bxh6 {Ng5 is the strong threat.} Rd4 $2 (30... Ra1+ {is tougher.} 31. Kh2 Re1) 31. Nd6 $2 (31. Ng5 $18 {has better winning chances.}) 31... Ra1+ $2 {[%mdl 8192] [#]} (31... Rxh4 $16 32. Bg5 Ra1+ 33. Rf1 Rh1+ 34. Kxh1 Rxf1+ 35. Kh2 Bxf6 36. Bxf6 Rxf6) 32. Rf1 $2 (32. Kh2 $1 $18 Rxh4+ 33. Kg3 Bxf6 34. Rxf7 Rxh6 35. R2xf6) 32... Rdd1 (32... Bxf6 $1 $11 33. Rxf7 (33. Rxa1 Bxe7 34. g3 Bxd6 $11) 33... Rg4 34. Rxa1 Rxg2+ 35. Kf1 Bxa1) 33. Rxd1 $14 Rxd1+ 34. Kf2 Bxf6 35. Rxf7 Bd4+ $1 36. Ke2 Rg1 37. Kd3 (37. Rf8+ $16 Kh7 38. Bf4 (38. Be3 Rxg2+ 39. Rf2 Bf6 $14)) 37... Rd1+ $1 $11 38. Ke2 (38. Kc4 $11) 38... Rg1 $16 39. Kd3 ({White should play} 39. Rf8+ $16 Kh7 40. Bf4 (40. Be3 Rxg2+ 41. Rf2 Bf6 $14)) 39... Rd1+ $1 {Precision: White = 39%, Black = 13%.} 1/2-1/2